<?xml version="1.0" encoding="UTF-8"?>
<record
    xmlns:xsi="http://www.w3.org/2001/XMLSchema-instance"
    xsi:schemaLocation="http://www.loc.gov/MARC21/slim http://www.loc.gov/standards/marcxml/schema/MARC21slim.xsd"
    xmlns="http://www.loc.gov/MARC21/slim">

  <leader>02472    a2200313   4500</leader>
  <controlfield tag="003">NALT</controlfield>
  <controlfield tag="005">20250617153840.0</controlfield>
  <controlfield tag="008">250614b        th ||||| |||| 00| 0 tha d</controlfield>
  <datafield tag="020" ind1=" " ind2=" ">
    <subfield code="a">9786166081619</subfield>
  </datafield>
  <datafield tag="040" ind1=" " ind2=" ">
    <subfield code="a">NALT</subfield>
  </datafield>
  <datafield tag="050" ind1=" " ind2=" ">
    <subfield code="a">JA 69</subfield>
    <subfield code="b">&#xE23;861&#xE2B; 2566</subfield>
  </datafield>
  <datafield tag="100" ind1="0" ind2=" ">
    <subfield code="a">&#xE40;&#xE23;&#xE37;&#xE2D;&#xE07;&#xE27;&#xE34;&#xE17;&#xE22;&#xE4C; &#xE40;&#xE01;&#xE29;&#xE2A;&#xE38;&#xE27;&#xE23;&#xE23;&#xE13;.</subfield>
    <subfield code="9">25207</subfield>
  </datafield>
  <datafield tag="245" ind1="1" ind2="0">
    <subfield code="a">&#xE2B;&#xE25;&#xE31;&#xE01;&#xE23;&#xE31;&#xE10;&#xE28;&#xE32;&#xE2A;&#xE15;&#xE23;&#xE4C; =</subfield>
    <subfield code="b">Political science /</subfield>
    <subfield code="c">&#xE40;&#xE23;&#xE37;&#xE2D;&#xE07;&#xE27;&#xE34;&#xE17;&#xE22;&#xE4C; &#xE40;&#xE01;&#xE29;&#xE2A;&#xE38;&#xE27;&#xE23;&#xE23;&#xE13;.</subfield>
  </datafield>
  <datafield tag="250" ind1=" " ind2=" ">
    <subfield code="a">&#xE1E;&#xE34;&#xE21;&#xE1E;&#xE4C;&#xE04;&#xE23;&#xE31;&#xE49;&#xE07;&#xE17;&#xE35;&#xE48; 5.</subfield>
  </datafield>
  <datafield tag="260" ind1=" " ind2=" ">
    <subfield code="a">&#xE01;&#xE23;&#xE38;&#xE07;&#xE40;&#xE17;&#xE1E;&#xE2F; :</subfield>
    <subfield code="b">&#xE42;&#xE23;&#xE07;&#xE1E;&#xE34;&#xE21;&#xE1E;&#xE4C;&#xE40;&#xE14;&#xE37;&#xE2D;&#xE19;&#xE15;&#xE38;&#xE25;&#xE32;,</subfield>
    <subfield code="c">2566.</subfield>
  </datafield>
  <datafield tag="505" ind1="2" ind2=" ">
    <subfield code="a">&#xE1A;&#xE17;&#xE17;&#xE35;&#xE48; 1 &#xE25;&#xE31;&#xE01;&#xE29;&#xE13;&#xE30;&#xE27;&#xE34;&#xE0A;&#xE32;&#xE23;&#xE31;&#xE10;&#xE28;&#xE32;&#xE2A;&#xE15;&#xE23;&#xE4C; --
&#xE1A;&#xE17;&#xE17;&#xE35;&#xE48; 2 &#xE41;&#xE19;&#xE27;&#xE04;&#xE34;&#xE14;&#xE40;&#xE01;&#xE35;&#xE48;&#xE22;&#xE27;&#xE01;&#xE31;&#xE1A;&#xE23;&#xE31;&#xE10; --
&#xE1A;&#xE17;&#xE17;&#xE35;&#xE48; 3 &#xE23;&#xE39;&#xE1B;&#xE01;&#xE32;&#xE23;&#xE1B;&#xE01;&#xE04;&#xE23;&#xE2D;&#xE07; --
&#xE1A;&#xE17;&#xE17;&#xE35;&#xE48; 4 &#xE23;&#xE39;&#xE1B;&#xE02;&#xE2D;&#xE07;&#xE23;&#xE31;&#xE10;&#xE41;&#xE25;&#xE30;&#xE2A;&#xE16;&#xE32;&#xE1A;&#xE31;&#xE19;&#xE01;&#xE32;&#xE23;&#xE40;&#xE21;&#xE37;&#xE2D;&#xE07; --
&#xE1A;&#xE17;&#xE17;&#xE35;&#xE48; 5 &#xE2D;&#xE38;&#xE14;&#xE21;&#xE01;&#xE32;&#xE23;&#xE13;&#xE4C;&#xE17;&#xE32;&#xE07;&#xE01;&#xE32;&#xE23;&#xE40;&#xE21;&#xE37;&#xE2D;&#xE07; --
&#xE1A;&#xE17;&#xE17;&#xE35;&#xE48; 6 &#xE1B;&#xE23;&#xE30;&#xE0A;&#xE32;&#xE18;&#xE34;&#xE1B;&#xE44;&#xE15;&#xE22; --
&#xE1A;&#xE17;&#xE17;&#xE35;&#xE48; 7 &#xE01;&#xE32;&#xE23;&#xE21;&#xE35;&#xE2A;&#xE48;&#xE27;&#xE19;&#xE23;&#xE48;&#xE27;&#xE21;&#xE17;&#xE32;&#xE07;&#xE01;&#xE32;&#xE23;&#xE40;&#xE21;&#xE37;&#xE2D;&#xE07; --
&#xE1A;&#xE17;&#xE17;&#xE35;&#xE48; 8 &#xE01;&#xE32;&#xE23;&#xE2A;&#xE37;&#xE48;&#xE2D;&#xE2A;&#xE32;&#xE23;&#xE17;&#xE32;&#xE07;&#xE01;&#xE32;&#xE23;&#xE40;&#xE21;&#xE37;&#xE2D;&#xE07;&#xE41;&#xE25;&#xE30;&#xE21;&#xE15;&#xE34;&#xE21;&#xE2B;&#xE32;&#xE0A;&#xE19; --
&#xE1A;&#xE17;&#xE17;&#xE35;&#xE48; 9 &#xE1E;&#xE23;&#xE23;&#xE04;&#xE01;&#xE32;&#xE23;&#xE40;&#xE21;&#xE37;&#xE2D;&#xE07;&#xE41;&#xE25;&#xE30;&#xE01;&#xE32;&#xE23;&#xE40;&#xE25;&#xE37;&#xE2D;&#xE01;&#xE15;&#xE31;&#xE49;&#xE07; --
&#xE1A;&#xE17;&#xE17;&#xE35;&#xE48; 10 &#xE27;&#xE31;&#xE12;&#xE19;&#xE18;&#xE23;&#xE23;&#xE21;&#xE17;&#xE32;&#xE07;&#xE01;&#xE32;&#xE23;&#xE40;&#xE21;&#xE37;&#xE2D;&#xE07; --
&#xE1A;&#xE17;&#xE17;&#xE35;&#xE48; 11 &#xE23;&#xE31;&#xE10;&#xE1B;&#xE23;&#xE30;&#xE28;&#xE32;&#xE2A;&#xE19;&#xE28;&#xE32;&#xE2A;&#xE15;&#xE23;&#xE4C; --
&#xE1A;&#xE17;&#xE17;&#xE35;&#xE48; 12 &#xE04;&#xE27;&#xE32;&#xE21;&#xE2A;&#xE31;&#xE21;&#xE1E;&#xE31;&#xE19;&#xE18;&#xE4C;&#xE23;&#xE30;&#xE2B;&#xE27;&#xE48;&#xE32;&#xE07;&#xE1B;&#xE23;&#xE30;&#xE40;&#xE17;&#xE28; --
&#xE1A;&#xE17;&#xE17;&#xE35;&#xE48; 13 &#xE1B;&#xE23;&#xE30;&#xE40;&#xE14;&#xE47;&#xE19;&#xE17;&#xE32;&#xE07;&#xE01;&#xE32;&#xE23;&#xE40;&#xE21;&#xE37;&#xE2D;&#xE07;&#xE23;&#xE48;&#xE27;&#xE21;&#xE2A;&#xE21;&#xE31;&#xE22;.</subfield>
  </datafield>
  <datafield tag="650" ind1=" " ind2="4">
    <subfield code="a">&#xE23;&#xE31;&#xE10;&#xE28;&#xE32;&#xE2A;&#xE15;&#xE23;&#xE4C;</subfield>
    <subfield code="9">26593</subfield>
  </datafield>
  <datafield tag="650" ind1=" " ind2="4">
    <subfield code="a">&#xE01;&#xE32;&#xE23;&#xE40;&#xE21;&#xE37;&#xE2D;&#xE07;</subfield>
    <subfield code="9">50904</subfield>
  </datafield>
  <datafield tag="650" ind1=" " ind2="4">
    <subfield code="a">&#xE01;&#xE32;&#xE23;&#xE21;&#xE35;&#xE2A;&#xE48;&#xE27;&#xE19;&#xE23;&#xE48;&#xE27;&#xE21;&#xE17;&#xE32;&#xE07;&#xE01;&#xE32;&#xE23;&#xE40;&#xE21;&#xE37;&#xE2D;&#xE07;</subfield>
    <subfield code="9">3162</subfield>
  </datafield>
  <datafield tag="650" ind1=" " ind2="4">
    <subfield code="a">&#xE1B;&#xE23;&#xE30;&#xE0A;&#xE32;&#xE18;&#xE34;&#xE1B;&#xE44;&#xE15;&#xE22;</subfield>
    <subfield code="9">2054</subfield>
  </datafield>
  <datafield tag="650" ind1=" " ind2="4">
    <subfield code="a">&#xE1E;&#xE23;&#xE23;&#xE04;&#xE01;&#xE32;&#xE23;&#xE40;&#xE21;&#xE37;&#xE2D;&#xE07;</subfield>
    <subfield code="9">7005</subfield>
  </datafield>
  <datafield tag="650" ind1=" " ind2="4">
    <subfield code="a">&#xE01;&#xE32;&#xE23;&#xE40;&#xE25;&#xE37;&#xE2D;&#xE01;&#xE15;&#xE31;&#xE49;&#xE07;</subfield>
    <subfield code="9">9208</subfield>
  </datafield>
  <datafield tag="650" ind1=" " ind2="4">
    <subfield code="a">&#xE23;&#xE31;&#xE10;&#xE1B;&#xE23;&#xE30;&#xE28;&#xE32;&#xE2A;&#xE19;&#xE28;&#xE32;&#xE2A;&#xE15;&#xE23;&#xE4C; </subfield>
    <subfield code="9">26131</subfield>
  </datafield>
  <datafield tag="650" ind1=" " ind2="4">
    <subfield code="a">&#xE04;&#xE27;&#xE32;&#xE21;&#xE2A;&#xE31;&#xE21;&#xE1E;&#xE31;&#xE19;&#xE18;&#xE4C;&#xE23;&#xE30;&#xE2B;&#xE27;&#xE48;&#xE32;&#xE07;&#xE1B;&#xE23;&#xE30;&#xE40;&#xE17;&#xE28;</subfield>
    <subfield code="9">7010</subfield>
  </datafield>
  <datafield tag="942" ind1=" " ind2=" ">
    <subfield code="c">GB</subfield>
    <subfield code="2">lcc</subfield>
  </datafield>
  <datafield tag="996" ind1=" " ind2=" ">
    <subfield code="a">jidapa.t</subfield>
    <subfield code="b">ACQSTF</subfield>
    <subfield code="c">2025-06-14</subfield>
  </datafield>
  <datafield tag="996" ind1=" " ind2=" ">
    <subfield code="a">varee.k</subfield>
    <subfield code="b">LIBSTF</subfield>
    <subfield code="c">2025-06-17</subfield>
  </datafield>
  <datafield tag="996" ind1=" " ind2=" ">
    <subfield code="a">jamriang.p</subfield>
    <subfield code="b">CATSTF	</subfield>
    <subfield code="c">2025-06-17</subfield>
  </datafield>
  <datafield tag="999" ind1=" " ind2=" ">
    <subfield code="c">106702</subfield>
    <subfield code="d">106702</subfield>
  </datafield>
  <datafield tag="998" ind1=" " ind2=" ">
    <subfield code="j">1020</subfield>
    <subfield code="k"> &#xE19;&#xE32;&#xE07;&#xE08;&#xE33;&#xE40;&#xE23;&#xE35;&#xE22;&#xE07;  &#xE23;&#xE30;&#xE27;&#xE31;&#xE07;&#xE2A;&#xE33;&#xE42;&#xE23;&#xE07;</subfield>
  </datafield>
  <datafield tag="952" ind1=" " ind2=" ">
    <subfield code="0">0</subfield>
    <subfield code="1">0</subfield>
    <subfield code="2">lcc</subfield>
    <subfield code="4">0</subfield>
    <subfield code="7">0</subfield>
    <subfield code="8">CGBL</subfield>
    <subfield code="a">NALT</subfield>
    <subfield code="b">NALT</subfield>
    <subfield code="c">GEN</subfield>
    <subfield code="d">2025-06-05</subfield>
    <subfield code="e">192</subfield>
    <subfield code="l">0</subfield>
    <subfield code="o">JA 69 &#xE23;861&#xE2B; 2566</subfield>
    <subfield code="p">3961215230</subfield>
    <subfield code="r">2025-06-05 00:00:00</subfield>
    <subfield code="w">2025-06-05</subfield>
    <subfield code="y">GB</subfield>
  </datafield>
</record>
